00000000nam##2200000za#4500
0019.646252
003CaOODSP
00520250319164515
007ta
008150407|1996||||xxc|||||     f|0| 0 eng|d
020 |a0-662-24703-5
040 |aCaOODSP|beng
043 |an-cn---
0861 |aH68-38/1996E
1101 |aCanada.|bHealth Canada. |bNational Council of Welfare.
24512|aA guide to the proposed seniors benefit : |ba report by the National Council of Welfare
260 |aOttawa - Ontario : |bHealth Canada. |c1996.
300 |a26p. : |bgraphs, tables ; |c28 cm.
500 |aContents: Introduction.--The 1996 budget and benefits for seniors.--The overall impact of the proposals.--Questions and concerns about the federal proposals.--Conclusion and recommendations.--Appendix.
563 |aSoftcover
590 |a96-32|b1996-08-09
69007|aSeniors|2gcpds
69007|aSocial programs|2gcpds
77508|tGuide relatif à la prestation aux aîné(e)s : |w(CaOODSP)9.679818
7760#|tA guide to the proposed seniors benefit |w(CaOODSP)9.696586